[Event "Buenos Aires Masters op"]
[Site "Buenos Aires"]
[Date "2024.06.22"]
[Round "8"]
[White "Toller, Bautista"]
[Black "Alvarez, Enzo"]
[Result "1-0"]
[WhiteElo "1734"]
[BlackElo "1939"]
[PlyCount "133"]
[EventDate "2024.06.17"]
[EventType "swiss"]
[EventRounds "9"]
[EventCountry "ARG"]
[SourceTitle "EXT 2025"]
[Source "ChessBase"]
[SourceDate "2024.10.14"]
[SourceVersion "1"]
[SourceVersionDate "2024.10.14"]
[SourceQuality "1"]

1. e4 c5 2. Nf3 Nc6 3. d4 cxd4 4. Nxd4 Nf6 5. Nc3 e5 6. Ndb5 d6 7. Bg5 a6 8. Na3 b5 9. Nd5 Be7 10. Bxf6 Bxf6 11. c3 0-0 12. h4 Rb8 13. Nc2 Be7 14. Nce3 Be6 15. Bd3 Re8 16. h5 Bf8 17. 0-0 a5 18. a4 b4 19. Bb5 Bd7 20. cxb4 Nxb4 21. Qe2 Nxd5 22. Nxd5 Rb7 23. Ra3 Qb8 24. Rb3 Rc8 25. h6 Bxb5 26. axb5 g6 27. b6 Bxh6 28. Ra1 Rc5 29. Rb5 Rxb5 30. Qxb5 Bd2 31. Qc6 Bb4 32. Nxb4 Rxb6 33. Na6 Qa7 34. Qc8+ Kg7 35. Rxa5 Rxb2 36. Kh2 Qxf2 37. Qg4 Rb1 38. Ra3 Qe1 39. Nc7 h5 40. Ne8+ Kf8 41. Qc8 Qh4+ 42. Rh3 Qf4+ 43. Rg3 h4 44. Nf6+ Kg7 45. Nh5+ Kh7 46. Nxf4 hxg3+ 47. Kxg3 exf4+ 48. Kxf4 Rf1+ 49. Kg3 Rf6 50. Qc6 Re6 51. Kf3 Kg8 52. g4 Kh7 53. g5 Kg8 54. Kf4 Kh7 55. Qc8 Kg7 56. Qd8 Re5 57. Qf6+ Kg8 58. Qxd6 Re8 59. Qf6 Kf8 60. Qh8+ Ke7 61. Qg7 Rc8 62. Qf6+ Ke8 63. Ke5 Rd8 64. Qc6+ Ke7 65. Qc5+ Ke8 66. Kf6 Rd7 67. Qe5+ 1-0

[Event "Buenos Aires Masters op"]
[Site "Buenos Aires"]
[Date "2024.06.20"]
[Round "5"]
[White "Alvarez, Enzo"]
[Black "Lavergne, Guillermo"]
[Result "1-0"]
[WhiteElo "1939"]
[BlackElo "1671"]
[PlyCount "107"]
[EventDate "2024.06.17"]
[EventType "swiss"]
[EventRounds "9"]
[EventCountry "ARG"]
[SourceTitle "CBM 220 Extra"]
[Source "ChessBase"]
[SourceDate "2024.07.31"]
[SourceVersion "1"]
[SourceVersionDate "2024.07.31"]
[SourceQuality "1"]

1. e4 g6 2. d4 Bg7 3. Nc3 a6 4. Be3 e6 5. Qd2 d6 6. 0-0-0 b5 7. Bd3 Bb7 8. h4 h5 9. Nh3 Nd7 10. Ng5 Qe7 11. f3 f6 12. Nh3 e5 13. dxe5 Nxe5 14. Nf4 c6 15. Kb1 Nh6 16. Nfe2 Nhf7 17. f4 Ng4 18. Bg1 c5 19. Ng3 Bh6 20. Be2 0-0 21. Bxg4 hxg4 22. Be3 Rae8 23. h5 g5 24. Nf5 Qe6 25. Nxh6+ Nxh6 26. fxg5 b4 27. Nd5 Bxd5 28. Qxd5 Qxd5 29. Rxd5 Rxe4 30. Bc1 fxg5 31. Rxd6 Nf5 32. Rg6+ Kh7 33. Rf1 Ne7 34. Rxf8 Nxg6 35. hxg6+ Kxg6 36. Rg8+ Kh5 37. g3 Re5 38. b3 a5 39. Rd8 Kg6 40. Rd3 Kf5 41. Re3 Rd5 42. Re8 Rd1 43. Kb2 Rg1 44. Re3 a4 45. bxa4 c4 46. a5 c3+ 47. Kb1 Rd1 48. Rd3 Rh1 49. a6 Ke4 50. a7 Rh8 51. Bxg5 Ra8 52. Rd7 Kf3 53. Bf4 Re8 54. a3 1-0

[Event "Buenos Aires Masters op"]
[Site "Buenos Aires"]
[Date "2024.06.19"]
[Round "4"]
[White "Sanz, Luis"]
[Black "Alvarez, Enzo"]
[Result "1-0"]
[WhiteElo "2084"]
[BlackElo "1939"]
[PlyCount "83"]
[EventDate "2024.06.17"]
[EventType "swiss"]
[EventRounds "9"]
[EventCountry "ARG"]
[SourceTitle "CBM 220 Extra"]
[Source "ChessBase"]
[SourceDate "2024.07.31"]
[SourceVersion "1"]
[SourceVersionDate "2024.07.31"]
[SourceQuality "1"]

1. d4 Nf6 2. c4 g6 3. f3 d5 4. cxd5 Nxd5 5. e4 Nb6 6. Nc3 Bg7 7. Be3 0-0 8. Qd2 Nc6 9. 0-0-0 e5 10. d5 Nd4 11. f4 c5 12. fxe5 Bxe5 13. Nf3 Nxf3 14. gxf3 Qe7 15. h4 Bd7 16. d6 Qe6 17. Bh3 Qe8 18. Bh6 Bxh3 19. Bxf8 Bd7 20. Be7 Rc8 21. Qg5 Nc4 22. Bf6 h6 23. Nd5 Qe6 24. Qg4 Qxd6 25. Qg2 Bxf6 26. Nxf6+ Qxf6 27. Rxd7 Qa6 28. Kb1 Qb5 29. Rd3 Ne5 30. Rc3 c4 31. h5 Rc6 32. hxg6 Rxg6 33. Qd2 Nd3 34. f4 Qc6 35. Qe3 Rg2 36. Rc2 Rxc2 37. Kxc2 Qa4+ 38. Kb1 Nb4 39. Rg1+ Kh7 40. a3 Qc2+ 41. Ka1 Nc6 42. Qg3 1-0

[Event "Buenos Aires Masters op"]
[Site "Buenos Aires"]
[Date "2023.06.19"]
[Round "8"]
[White "Alvarez, Enzo"]
[Black "Fiorenza, Brandon"]
[Result "1/2-1/2"]
[WhiteElo "1959"]
[BlackElo "1851"]
[PlyCount "112"]
[EventDate "2023.06.14"]
[EventType "swiss"]
[EventRounds "9"]
[EventCountry "ARG"]
[SourceTitle "CBM 215 Extra"]
[Source "ChessBase"]
[SourceDate "2023.09.30"]
[SourceVersion "1"]
[SourceVersionDate "2023.09.30"]
[SourceQuality "1"]

1. d4 Nf6 2. Nf3 g6 3. c4 Bg7 4. Nc3 d5 5. e3 0-0 6. cxd5 Nxd5 7. Qb3 Nb6 8. Be2 Be6 9. Qc2 Nc6 10. 0-0 Bf5 11. e4 Bg4 12. d5 Nb4 13. Qb3 c5 14. dxc6 Nxc6 15. Rd1 Qc8 16. Be3 Qe6 17. Qxe6 Bxe6 18. Nd4 Nxd4 19. Bxd4 Rfc8 20. Bxg7 Kxg7 21. Kf1 Rc5 22. Ke1 Rac8 23. Rab1 a6 24. Rd4 Nc4 25. Bxc4 Rxc4 26. Rbd1 b5 27. a3 R8c5 28. f3 g5 29. h3 a5 30. R4d2 b4 31. axb4 Rxb4 32. Nd5 Rb7 33. Ne3 Rcb5 34. Ra1 Ra7 35. Nd5 Rab7 36. Rb1 h5 37. Nc3 Rb3 38. Nd1 a4 39. Ra1 Ra7 40. Ra3 Rxa3 41. bxa3 Rc7 42. Nb2 Bb3 43. Kf2 Rc1 44. Kg3 Ra1 45. Nd3 Rxa3 46. Nc5 Ra1 47. Rd7 Bc4 48. Rd4 Bb5 49. Rb4 Bc6 50. Rb6 Be8 51. Rb8 Rc1 52. Nd3 Rc3 53. Rxe8 Rxd3 54. Rxe7 Rd2 55. Ra7 Ra2 56. h4 a3 1/2-1/2

[Event "Buenos Aires Masters op"]
[Site "Buenos Aires"]
[Date "2023.06.16"]
[Round "3"]
[White "Barin, Sebastian"]
[Black "Alvarez, Enzo"]
[Result "0-1"]
[WhiteElo "1510"]
[BlackElo "1959"]
[PlyCount "58"]
[EventDate "2023.06.14"]
[EventType "swiss"]
[EventRounds "9"]
[EventCountry "ARG"]
[SourceTitle "CBM 215 Extra"]
[Source "ChessBase"]
[SourceDate "2023.09.30"]
[SourceVersion "1"]
[SourceVersionDate "2023.09.30"]
[SourceQuality "1"]

1. d4 Nf6 2. c4 e6 3. g3 Bb4+ 4. Bd2 Bxd2+ 5. Nxd2 d6 6. Bg2 0-0 7. e3 e5 8. Ngf3 Re8 9. 0-0 c6 10. dxe5 dxe5 11. Qc2 Bg4 12. h3 Bxf3 13. Nxf3 Nbd7 14. Rad1 Qe7 15. a3 a5 16. e4 a4 17. Rfe1 Nc5 18. Nd2 Nfd7 19. f4 Ne6 20. fxe5 Nxe5 21. Nf3 Qc5+ 22. Kh2 Qxc4 23. Qf2 Nxf3+ 24. Bxf3 Rad8 25. Be2 Qc5 26. Qxc5 Nxc5 27. Bf3 Rxd1 28. Rxd1 g6 29. Rd4 Re5 0-1

[Event "Buenos Aires Masters op"]
[Site "Buenos Aires"]
[Date "2023.06.15"]
[Round "2"]
[White "Alvarez, Enzo"]
[Black "Toniutti, Ezio"]
[Result "0-1"]
[WhiteElo "1959"]
[BlackElo "2201"]
[PlyCount "66"]
[EventDate "2023.06.14"]
[EventType "swiss"]
[EventRounds "9"]
[EventCountry "ARG"]
[SourceTitle "CBM 215 Extra"]
[Source "ChessBase"]
[SourceDate "2023.09.30"]
[SourceVersion "1"]
[SourceVersionDate "2023.09.30"]
[SourceQuality "1"]

1. d4 d5 2. c4 c6 3. cxd5 cxd5 4. Bf4 Nf6 5. e3 Nc6 6. Nc3 a6 7. Nf3 Bg4 8. Be2 e6 9. h3 Bxf3 10. Bxf3 Be7 11. a3 Rc8 12. 0-0 0-0 13. Rc1 Na5 14. Rc2 Nc4 15. Nb1 Qb6 16. Qc1 Rc6 17. Bg5 Rfc8 18. Be2 Nxa3 19. Nxa3 Bxa3 20. Rxc6 Rxc6 21. Qb1 Qxb2 22. Bxf6 gxf6 23. Bd3 Qxb1 24. Rxb1 b5 25. Kf1 e5 26. dxe5 fxe5 27. f3 Rc3 28. Ke2 Bc1 29. Ra1 e4 30. fxe4 dxe4 31. Bxe4 Rxe3+ 32. Kd1 Rxe4 33. Rxc1 Rd4+ 0-1

[Event "Buenos Aires Masters op"]
[Site "Buenos Aires"]
[Date "2023.06.14"]
[Round "1"]
[White "Quintans, Fernando"]
[Black "Alvarez, Enzo"]
[Result "0-1"]
[WhiteElo "1447"]
[BlackElo "1959"]
[PlyCount "78"]
[EventDate "2023.06.14"]
[EventType "swiss"]
[EventRounds "9"]
[EventCountry "ARG"]
[SourceTitle "CBM 215 Extra"]
[Source "ChessBase"]
[SourceDate "2023.09.30"]
[SourceVersion "1"]
[SourceVersionDate "2023.09.30"]
[SourceQuality "1"]

1. d4 Nf6 2. c4 e6 3. Nc3 Bb4 4. Bg5 h6 5. Bh4 c5 6. e3 Bxc3+ 7. bxc3 d6 8. Bd3 Nc6 9. d5 Ne5 10. Ne2 Qe7 11. 0-0 0-0 12. Bxf6 Qxf6 13. Bc2 g6 14. Ng3 Nxc4 15. Ne4 Qe7 16. Qf3 f5 17. Ng3 Nd2 18. Qd1 Nxf1 19. Kxf1 e5 20. f3 Bd7 21. Rb1 b5 22. Qd2 a5 23. a3 Rfb8 24. Ne2 Kg7 25. g3 Be8 26. Kf2 Rb6 27. e4 fxe4 28. fxe4 Rab8 29. Ng1 b4 30. cxb4 cxb4 31. axb4 Rxb4 32. Ra1 a4 33. Ra3 Rb2 34. Ne2 Rc8 35. Rc3 Rxc3 36. Qxc3 Qa7+ 37. Kg2 a3 38. Nc1 a2 39. Nb3 Rxb3 0-1

[Event "Monte Grande FASGBA-ch"]
[Site "Monte Grande"]
[Date "2018.03.10"]
[Round "5.2"]
[White "Alvarez, Enzo"]
[Black "Prieu, Gustavo"]
[Result "1-0"]
[WhiteElo "2048"]
[BlackElo "1936"]
[PlyCount "59"]
[EventDate "2018.03.03"]
[EventType "swiss"]
[EventRounds "6"]
[EventCountry "ARG"]
[SourceTitle "EXT 2024"]
[Source "ChessBase"]
[SourceDate "2023.10.10"]
[SourceVersion "1"]
[SourceVersionDate "2023.10.10"]
[SourceQuality "1"]

1. e4 Nf6 2. e5 Nd5 3. d4 d6 4. Nf3 g6 5. Bc4 Nb6 6. Bb3 d5 7. c3 Bg7 8. Bf4 0-0 9. Qc1 f6 10. Bh6 Nc6 11. Bxg7 Kxg7 12. Qe3 Qe8 13. Nbd2 Na5 14. 0-0 Nxb3 15. axb3 a5 16. Rfe1 Bd7 17. Qf4 Qd8 18. h4 h5 19. Ra3 a4 20. b4 Bb5 21. Nh2 Rh8 22. Re3 Qd7 23. Rg3 Kf7 24. e6+ Qxe6 25. Qxc7 Nc4 26. Nhf1 Qe1 27. Qxb7 Nxa3 28. Re3 Qxe3 29. Nxe3 Nc4 30. Qxd5+ 1-0

[Event "ARG-ch sf"]
[Site "Vicente Lopez"]
[Date "2016.06.28"]
[Round "5"]
[White "Schuster, Carlos"]
[Black "Alvarez, Enzo"]
[Result "1-0"]
[WhiteElo "2265"]
[BlackElo "1903"]
[PlyCount "129"]
[EventDate "2016.06.25"]
[EventType "swiss"]
[EventRounds "9"]
[EventCountry "ARG"]
[SourceTitle "CBM 173 Extra"]
[Source "ChessBase"]
[SourceDate "2016.08.29"]
[SourceVersion "1"]
[SourceVersionDate "2016.08.29"]
[SourceQuality "1"]

1. d4 Nf6 2. Nf3 g6 3. c4 Bg7 4. Nc3 d5 5. cxd5 Nxd5 6. e4 Nxc3 7. bxc3 c5 8. Rb1 a6 9. Be2 Qa5 10. 0-0 0-0 11. Bg5 cxd4 12. cxd4 Qxa2 13. Bxe7 Re8 14. Bc5 Rxe4 15. Nd2 Rxe2 16. Qxe2 Be6 17. Rxb7 Bh6 18. Rfb1 Nc6 19. R7b2 Qd5 20. Ne4 Bg7 21. Nc3 Qg5 22. Qe4 Rc8 23. Rb6 Nxd4 24. Bxd4 Bf5 25. Qe3 Qxe3 26. fxe3 Bxd4 27. exd4 Rxc3 28. Ra1 Bd3 29. d5 Bb5 30. Rd1 Rc7 31. d6 Rd7 32. Rc1 Kg7 33. Kf2 Kf6 34. Re1 Bc4 35. Ke3 Ke5 36. Rc1 Kd5 37. Rb4 Bb5 38. Rd4+ Ke6 39. Rcd1 f5 40. Kf4 Bc6 41. g3 h6 42. h4 Kf6 43. Ra1 g5+ 44. Ke3 Ke6 45. Rxa6 Rxd6 46. Rxd6+ Kxd6 47. Kd4 f4 48. gxf4 gxh4 49. Ra5 Bf3 50. Ra6+ Bc6 51. Ra5 Bf3 52. Ke3 Bg4 53. Ra6+ Ke7 54. Rxh6 h3 55. Kd4 Kf7 56. Ke5 Kg7 57. Rh4 Be2 58. Rxh3 Bc4 59. f5 Kf7 60. Rc3 Ba2 61. Rc7+ Kg8 62. Kf6 Bb1 63. Rc8+ Kh7 64. Rf8 Ba2 65. Ke7 1-0

[Event "ARG-ch sf"]
[Site "Vicente Lopez"]
[Date "2016.06.27"]
[Round "4"]
[White "Alvarez, Enzo"]
[Black "Zaretzky, Julio"]
[Result "1-0"]
[WhiteElo "1903"]
[BlackElo "1695"]
[PlyCount "77"]
[EventDate "2016.06.25"]
[EventType "swiss"]
[EventRounds "9"]
[EventCountry "ARG"]
[SourceTitle "CBM 173 Extra"]
[Source "ChessBase"]
[SourceDate "2016.08.29"]
[SourceVersion "1"]
[SourceVersionDate "2016.08.29"]
[SourceQuality "1"]

1. e4 e6 2. d4 d5 3. Nd2 Be7 4. c3 Nf6 5. e5 Nfd7 6. Bd3 c5 7. Ndf3 Nc6 8. Ne2 cxd4 9. cxd4 f6 10. Nf4 Bb4+ 11. Kf1 Qe7 12. a3 Ba5 13. b4 Bb6 14. Bb2 f5 15. h4 Nf8 16. Rh3 Bd7 17. Rc1 Kd8 18. Ne2 Be8 19. h5 Kd7 20. Nc3 a6 21. Na4 Ba7 22. Nc5+ Bxc5 23. Rxc5 Rc8 24. b5 axb5 25. Bxb5 g5 26. hxg6 Nxg6 27. Bc1 f4 28. Qc2 Kd8 29. Bd2 Bd7 30. Bd3 Be8 31. Ba5+ Kd7 32. Bb5 Qg7 33. Qb3 Ke7 34. Bxc6 bxc6 35. Qb7+ Bd7 36. Bc7 Qf7 37. Rxc6 Qe8 38. Ng5 Bxc6 39. Qb4+ 1-0